Online
Catalog

The clear spirit : (Record no. 17859)

MARC details
000 -CABECERA
campo de control de longitud fija 00759cam a2200205 a 4500
001 - NÚMERO DE CONTROL
campo de control 000018338
005 - FECHA Y HORA DE LA ÚLTIMA TRANSACCIÓN
campo de control 20200929165449.0
008 - DATOS DE LONGITUD FIJA--INFORMACIÓN GENERAL
campo de control de longitud fija 740801s1967 xxca b 000 0 eng d
040 ## - FUENTE DE LA CATALOGACIÓN
Centro catalogador/agencia de origen DO-SdBNP
Lengua de catalogación eng
Centro/agencia transcriptor LC
Centro/agencia modificador BNPHU
050 00 - SIGNATURA TOPOGRÁFICA DE LA BIBLIOTECA DEL CONGRESO
Número de clasificación CT3270
Número de documento/Ítem .I5
082 ## - NÚMERO DE LA CLASIFICACIÓN DECIMAL DEWEY
Número de clasificación nn*
Número de documento/Ítem C623
049 ## - FONDOS LOCALES (OCLC)
Fondos de biblioteca BNGR
245 04 - MENCIÓN DE TÍTULO
Título The clear spirit :
Resto del título twenty Canadian women and their times /
Mención de responsabilidad, etc. edición Mary Quayle Innis.
260 ## - PUBLICACIÓN, DISTRIBUCIÓN, ETC.
Lugar de publicación, distribución, etc. [Toronto] :
Nombre del editor, distribuidor, etc. Federación Canadiense de Mujeres Universitarias, Prensa de la Universidad de Toronto,
Fecha de publicación, distribución, etc. 1967.
300 ## - DESCRIPCIÓN FÍSICA
Extensión xvi, 304 p. :
Otras características físicas il. ;
Dimensiones 24 cm.
650 #0 - PUNTO DE ACCESO ADICIONAL DE MATERIA--TÉRMINO DE MATERIA
Término de materia o nombre geográfico como elemento de entrada Women
Subdivisión geográfica Canada
Subdivisión general Biography.
9 (RLIN) 39720
700 1# - PUNTO DE ACCESO ADICIONAL--NOMBRE DE PERSONA
Nombre de persona Innis, Mary (Quayle),
Término indicativo de función/relación ed.
9 (RLIN) 26676
710 2# - PUNTO DE ACCESO ADICIONAL--NOMBRE DE ENTIDAD CORPORATIVA
Nombre de entidad corporativa o nombre de jurisdicción como elemento de entrada Canadian Federation of University Women.
9 (RLIN) 39721
910 ## - DATOS DE OPCIÓN DEL USUARIO (OCLC)
Datos de opción del usuario Catalogación por derivada / LC
Holdings
Estado de retiro Estado de pérdida Restricciones de uso No para préstamo Código de colección Localización permanente Ubicación/localización actual Ubicación en estantería Fecha de adquisición Número de inventario Total de préstamos Signatura topográfica completa Código de barras Fecha visto por última vez Precio válido a partir de Tipo de ítem Koha
    Préstamo interno   Monografías: Libros y Folletos General General En catalogación 29.04.2010 LF1   nn* C623 18338-10 25.06.2020 25.06.2020 Préstamo interno

Powered by Koha